000 01013nam a22002177a 4500
999 _c519
_d519
003 OSt
005 20220610131307.0
008 180320b xxu||||| |||| 00| 0 spa d
020 _a9502008002
040 _cPJ
100 _aLeonardi de Herbón, Hebe Mabel
_9661
245 1 _aArbitraje interno e internacional :
_buna mirada al futuro /
_cHebe Leonardi De Herbon, Sara L. Feldstein de Cárdenas; prólogo del Dr. Julio César Cueto Rúa.
260 _aBuenos Aires :
_bAbeledo-Perrot,
_c1994.
300 _a225 p.
_c18 cm.
504 _aBibliografía: p. 221-222.
505 _aCapitulo I 1. El arbitraje. Capitulo II 1. Análisis del reglamento del tribunal de arbitraje general y mediación. Capitulo III 1. Ley modelo. Capitulo IV 1. Proyecto de ley de arbitraje. Capitulo V 1. Reflexiones finales.
650 0 _9331
_aDERECHO INTERNACIONAL PUBLICO
650 0 _9664
_aARBITRAJE INTERNACIONAL
700 _9662
_aFeldstein de Cárdenas, Sara L.
942 _2udc
_cLIB
_h341.63
_iLEO